American business law journal: the official publication of the American Business Law Association
| Körperschaft: | |
|---|---|
| Medienart: | Druck Zeitschrift |
| Sprache: | Englisch |
| Veröffentlicht: |
Oxford [u.a.]
Wiley-Blackwell
1963-
Bowling Green, Ohio [u.a.] Assoc. 1963-2004 Oxford [u.a.] Blackwell früher |
| In: | Jahr: 1963 |
| Verfügbarkeit prüfen: | HBZ Gateway |
| Subito Bestelldienst: | Jetzt bestellen. |
| Bände / Aufsätze: | Bände / Aufsätze anzeigen. |
| Schlagwörter: | |
| Parallele Ausgabe: | Elektronisch
|
MARC
| LEADER | 00000cas a2200000 c 4500 | ||
|---|---|---|---|
| 001 | 130438170 | ||
| 003 | DE-627 | ||
| 005 | 20230414084820.0 | ||
| 007 | tu | ||
| 008 | 931116c19639999xxuz| p|b 0 |0eng c | ||
| 016 | 7 | |a 013779737 |2 DE-101 | |
| 016 | 7 | |a 700004-2 |2 DE-600 | |
| 022 | |a 0002-7766 | ||
| 024 | 7 | |a 00637017 |2 swets | |
| 035 | |a (DE-627)130438170 | ||
| 035 | |a (DE-576)015930416 | ||
| 035 | |a (DE-599)ZDB700004-2 | ||
| 035 | |a (OCoLC)1371018377 | ||
| 035 | |a (OCoLC)311080860 | ||
| 040 | |a DE-627 |b ger |c DE-627 |e rakwb | ||
| 041 | |a eng | ||
| 044 | |c XD-US | ||
| 082 | 0 | 4 | |a 340 |q DE-600 |
| 084 | |a 2 |a 3,2 |2 ssgn | ||
| 084 | |a INTRECHT |q DE-1a |2 fid | ||
| 084 | |a 86.65 |2 bkl | ||
| 245 | 0 | 0 | |a American business law journal |b the official publication of the American Business Law Association |
| 264 | 3 | 1 | |a Oxford [u.a.] |b Wiley-Blackwell |c 1963- |
| 264 | 2 | 1 | |a Bowling Green, Ohio [u.a.] |b Assoc. |c 1963-2004 |
| 264 | 2 | 1 | |a Oxford [u.a.] |b Blackwell |c früher |
| 336 | |a Text |b txt |2 rdacontent | ||
| 337 | |a Mikroform |b h |2 rdamedia | ||
| 337 | |a ohne Hilfsmittel zu benutzen |b n |2 rdamedia | ||
| 338 | |a Mikrofiche |b he |2 rdacarrier | ||
| 338 | |a Band |b nc |2 rdacarrier | ||
| 362 | 0 | |a 1.1963,Frü. - | |
| 363 | 0 | 1 | |a 1 |i 1963 |
| 500 | |a Repr.: South Hackensack, NJ : Rothman | ||
| 530 | |a Mikrofiche-Ausg.: Ann Arbor, Mich. : University Microfilms International | ||
| 533 | |a Reproduktion |b Ann Arbor, Mich. |c University Microfilms International |n Mikrofiche-Ausg.: Ann Arbor, Mich. : University Microfilms International | ||
| 555 | |a Index 1/2.1963/64 in: 1/2.1963/64; 3/7.1965/70 in: 8.1970; 1/20.1963/82 in: 21.1983,4 | ||
| 650 | 7 | |8 1.1\x |a Wirtschaftsrecht |0 (DE-627)091401240 |0 (DE-2867)16081-1 |2 stw | |
| 650 | 7 | |8 1.2\x |a Handelsrecht |0 (DE-627)091365287 |0 (DE-2867)13464-0 |2 stw | |
| 650 | 7 | |8 1.3\x |a Usa |0 (DE-627)091396867 |0 (DE-2867)17829-1 |2 stw | |
| 650 | 7 | |8 1.4\x |a Welt |0 (DE-627)09140004X |0 (DE-2867)16809-5 |2 stw | |
| 655 | 7 | |a Zeitschrift |0 (DE-588)4067488-5 |0 (DE-627)10454466X |0 (DE-576)20917000X |2 gnd-content | |
| 710 | 2 | |a American Business Law Association |e Herausgebendes Organ |0 (DE-588)14004-1 |0 (DE-627)100422861 |0 (DE-576)190233729 |4 isb | |
| 776 | 1 | |x 1744-1714 | |
| 776 | 0 | 8 | |i Erscheint auch als |n Online-Ausg. |t American business law journal |d Oxford : Blackwell, 1963 |h Online-Ressource |w (DE-627)340873647 |w (DE-600)2065786-9 |w (DE-576)271772840 |x 1744-1714 |k Electronic |
| 936 | b | k | |a 86.65 |j Wirtschaftsrecht |0 (DE-627)106422367 |
| 936 | s | n | |a REL-05001 |2 SKW |
| 951 | |a JT | ||
| ELC | |b 1 | ||
| LOK | |0 000 xxxxxcx a22 zn 4500 | ||
| LOK | |0 001 278704199X | ||
| LOK | |0 003 DE-627 | ||
| LOK | |0 004 130438170 | ||
| LOK | |0 005 20140318085537 | ||
| LOK | |0 008 140318||||||||||||||||ger||||||| | ||
| LOK | |0 040 |a DE-21-110 |c DE-627 |d DE-21-110 | ||
| LOK | |0 852 |z Kein Bestand am IfK; Nachweis für KrimDok | ||
| LOK | |0 852 |a DE-21-110 | ||
| LOK | |0 852 1 |m v |9 00 | ||
| LOK | |0 935 |a k110 | ||
| LOK | |0 938 |k v | ||
| LOK | |0 939 |a 18-03-14 |b l01 | ||
| ORI | |a SA-MARC-krimdoka001.raw | ||
| SPR | |a 1 |t KRI | ||
